000 00741nam a22002057a 4500
005 20130318143614.0
010 _aENG-105100 B-491364-376
020 _a9788183822930
_c225.00
035 _aEN-88633 B-491364-376
037 _bDBAD/PUB
037 _bMallika Books/Ven
082 _a499.17
100 _aBhaskar, Vasuda
245 _aLearn to speak and write Russian /
_cby Vasuda Bhaskar
260 _aNew Delhi
_bLotus Press
_c2012
270 _a4735/22,Prakash Deep Building,Ansari Road,Darya Ganj,
_bNew Delhi
_e110002
300 _a168p.
_c22cm(pbk)
_e1CD-ROM
942 _2ddc
_cEN
_mVAS
_h499.17
999 _c65641
_d65641